Fortnite skins by image - Statistics

General Stats
  • This quiz has been taken 187 times
  • The average score is 7 of 20
Answer Stats
Hint Answer % Correct
BANANA Peely
81%
Everyone wants this one Renegade Raider
78%
Icon skin that people want to come back Travis Scott
67%
New lightning bolt mythic Zeus
60%
Marvel🕷 Spiderman
58%
Minigun Brutus
53%
Chain weapon Hades
47%
Tomato Town/Temple Tomatohead
41%
Halloween skin☠ Skulltrooper
40%
C5S1 meme skin Peter Griffin
32%
First Battle Pass Black Knight
31%
Recently came back into game Midas
31%
Halloween skin 👻 Ghoultrooper
27%
New shotgun mythic in C5S2 Cerberus
23%
The OG Jonesy
19%
Durrr Beef Boss
17%
Orange guy with a hat and blue clothes Fishstick
14%
meow Meowcles
9%
In the trailer for C5S2 using the bolt Brite Bomber
7%
Assault rifle in C5S2 Aries
3%
No matching quizzes found
Score Distribution
Percent of People with Each Score
Percentile by Number Answered
Your Score History
You have not taken this quiz